书目信息 |
| 题名: |
道德情操论
|
|
| 作者: | 亚当·斯密 著 ;魏婷 编译 | |
| 分册: | ||
| 出版信息: | 北京 中国工人出版社 2016 |
|
| 页数: | 325页 | |
| 开本: | 24cm | |
| 丛书名: | ||
| 单 册: | ||
| 中图分类: | B82-095.61 | |
| 科图分类: | ||
| 主题词: | 伦理学--lun li xue--思想史--英国 | |
| 电子资源: | ||
| ISBN: | 978-7-5008-6535-3 | |
| 000 | 01144nam0 22002771 450 | |
| 001 | 387714 | |
| 005 | 20170502165525.0 | |
| 010 | @a978-7-5008-6535-3@dCNY39.00 | |
| 100 | @a20161124d2016 em y0chiy50 ea | |
| 101 | 1 | @achi@ceng |
| 102 | @aCN@b110000 | |
| 105 | @aa z 000yy | |
| 106 | @ar | |
| 200 | 1 | @a道德情操论@9dao de qing cao lun@dThe theory of moral sentiments@e全新插图普及本@f(英)亚当·斯密著@g魏婷编译@zeng |
| 210 | @a北京@c中国工人出版社@d2016 | |
| 215 | @a325页@c图@d24cm | |
| 300 | @a中工书坊 | |
| 330 | @a本书将人类社会所涉及的哲学层面以道德情操的高度呈现出来,非常巧妙地将情愫、赏罚、正义、情、行、效用、习俗、美德和道德等组织起来,构建了一个完整优美的逻辑整体,站在当时的历史高度,详细地阐述了各种道德、伦理以及其他哲学层面的内容,构建了社会运行的道德规范,具有重要的实践价值。 | |
| 500 | 10 | @a道德情操论 |
| 510 | 1 | @aTheory of moral sentiments@zeng |
| 606 | 0 | @a伦理学@9lun li xue@x思想史@y英国 |
| 690 | @aB82-095.61@v5 | |
| 701 | 0 | @c(英)@a亚当·斯密@9ya dang si mi@c(Adam Smith@f1723~1790)@4著 |
| 702 | 0 | @a魏婷@9wei ting@4编译 |
| 801 | 0 | @aCN@b百万庄@c20170308 |
| 905 | @b1003540-5@dB82-095.61@e712@f6 | |
| 道德情操论=The theory of moral sentiments:全新插图普及本/(英)亚当·斯密著/魏婷编译.-北京:中国工人出版社,2016 |
| 325页:图;24cm |
| 中工书坊 |
| ISBN 978-7-5008-6535-3:CNY39.00 |
| 本书将人类社会所涉及的哲学层面以道德情操的高度呈现出来,非常巧妙地将情愫、赏罚、正义、情、行、效用、习俗、美德和道德等组织起来,构建了一个完整优美的逻辑整体,站在当时的历史高度,详细地阐述了各种道德、伦理以及其他哲学层面的内容,构建了社会运行的道德规范,具有重要的实践价值。 |
| ● |
| 相关链接 |
|
|
|
|
正题名:道德情操论
索取号:B82-095.61/712
 
预约/预借
| 序号 | 登录号 | 条形码 | 馆藏地/架位号 | 状态 | 备注 |
| 1 | 1003540 | 210035406 | 第一样本阅览室/ [索取号:B82-095.61/712] | 在馆 | |
| 2 | 1003541 | 210035415 | 教育系资料室/ [索取号:B82-095.61/712] | 在馆 | |
| 3 | 1003542 | 210035424 | 教育系资料室/ [索取号:B82-095.61/712] | 在馆 | |
| 4 | 1003543 | 210035433 | 教育系资料室/ [索取号:B82-095.61/712] | 在馆 | |
| 5 | 1003544 | 210035442 | 第一借阅区/ [索取号:B82-095.61/712] | 在馆 | |
| 6 | 1003545 | 210035451 | 第一借阅区/ [索取号:B82-095.61/712] | 在馆 |